00291nam a2200121Ia 4500008004100000100002700041245003100068260002200099300001000121650001400131942000700145999001700152190216s9999||||xx |||||||||||||| ||und|| aThunjathu Ezhuthachan 0aNalacharitham (atta Katha) bAjith Book Center a1113p aKavithkal cBK c25394d25394